Investment incentives as a location factor for foreign direct investments in Slovak republic

Úloha investičných stimulov v procese rozhodovania o umiestnení projektov priamych zahraničných investícií (PZI) na Slovensko. Analýza na základe potenciálnych i realizovaných projektov PZI z databázy agentúry SARIO (Slovenská agentúra pre rozvoj investícií a obchodu).

Enregistré dans:
Détails bibliographiques
Auteur principal: Balejová, Martina, 1990-
Format: Chapitre de livre
Langue:anglais
Sujets:
Tags: Ajouter un tag
Pas de tags, Soyez le premier à ajouter un tag!

MARC

LEADER 00000nla a2200000 4500
001 0237421
005 20240502083634.9
041 0 |a eng 
044 |a CZ 
245 1 0 |a Investment incentives as a location factor for foreign direct investments in Slovak republic  |c Martina Balejova 
520 |a Úloha investičných stimulov v procese rozhodovania o umiestnení projektov priamych zahraničných investícií (PZI) na Slovensko. Analýza na základe potenciálnych i realizovaných projektov PZI z databázy agentúry SARIO (Slovenská agentúra pre rozvoj investícií a obchodu). 
610 2 0 |a investície priame zahraničné 
610 2 0 |a podnik zahraničný 
610 2 0 |a rozhodovanie investičné 
610 2 0 |a kritériá rozhodovania 
610 2 0 |a pomoc štátna 
610 2 0 |a stimuly 
610 2 0 |a Slovensko 
100 1 |a Balejová, Martina, 1990-